000
00216 a2200097 4500
001
14693
100
_a
Marriott J.A.R
245
_a
ideology of the future
260
_a
Lahore
_b
Sh M Ashraf
_c
090
_c
11478
_d
11478
942
_a
NUST-CAE
_c
M
_c
1645
999
_c
249766
_d
249766